[Event "Druzynowe Mistrzostwa Polski Juniorow - I Liga"]
[Site "Centrum Wypoczynkowo-Szkoleniowe Gwarek, Ustron"]
[Date "1899-12-30"]
[Round "7.16"]
[White "Luczak, Filip"]
[Black "Rogala, Milosz"]
[Result "1-0"]
[WhiteTitle "II+"]
[BlackTitle "II"]
[WhiteElo "1629"]
[BlackElo "1356"]

1. e4 c6 2. d4 d5 3. f3 e6 4. Nc3 Nf6 5. e5 Nfd7 6. f4 b6 7. Nf3 Be7 8. Bd3 Ba6
9. Be3 c5 10. O-O Bxd3 11. cxd3 cxd4 12. Nxd4 Bc5 13. Qf3 O-O 14. Nde2 Bxe3+ 15.
Qxe3 Qc7 16. d4 Qb7 17. f5 Nc6 18. fxe6 fxe6 19. Nf4 Nd8 20. Qh3 Re8 21. Nb5 Re7
22. Nd6 Qa6 23. Qh4 Nc6 24. Rac1 Ndb8 25. Ng6 hxg6 26. Rf8+ 1-0

[Event "Druzynowe Mistrzostwa Polski Juniorow - I Liga"]
[Site "Centrum Wypoczynkowo-Szkoleniowe Gwarek, Ustron"]
[Date "1899-12-30"]
[Round "7.17"]
[White "Antolak, Julia"]
[Black "Czaplewska, Klara"]
[Result "0-1"]
[WhiteTitle "k+"]
[BlackTitle "I++"]
[WhiteElo "1974"]
[BlackElo "1669"]

1. e4 e5 2. Nf3 Nc6 3. Bb5 a6 4. Ba4 Nf6 5. d3 d6 6. O-O b5 7. Bb3 Na5 8. Re1 Nxb3
9. axb3 Be7 10. c3 O-O 11. Nbd2 Bb7 12. Nf1 Nd7 13. Ng3 Re8 14. d4 Bf8 15. d5
g6 16. c4 Bg7 17. Bg5 Qc8 18. Qc2 c6 19. dxc6 Qxc6 20. Rac1 Rac8 21. Be3 Nf6 22.
Bg5 d5 23. exd5 Nxd5 24. Qd2 Nb6 25. c5 Nd5 26. Ne4 f6 27. Bh4 g5 28. Bg3 g4 29.
Nh4 Rcd8 30. Nd6 Rf8 31. Nhf5 Rd7 32. Re4 h5 33. Qe2 Ne7 34. f3 Nxf5 35. Nxf5
gxf3 36. gxf3 Qe6 37. c6 Bxc6 38. Nd4 Rxd4 39. Rxd4 Bxf3 40. Qxf3 exd4 41. Rc6
Qe3+ 42. Qxe3 dxe3 43. Bf4 Re8 44. Kf1 Re4 45. Bg3 e2+ 46. Ke1 Bf8 47. Bd6 Re6
0-1

[Event "Druzynowe Mistrzostwa Polski Juniorow - I Liga"]
[Site "Centrum Wypoczynkowo-Szkoleniowe Gwarek, Ustron"]
[Date "1899-12-30"]
[Round "7.18"]
[White "Bienko, Jagoda"]
[Black "Nowicka, Julia"]
[Result "1-0"]
[WhiteTitle "II"]
[BlackTitle "I"]
[WhiteElo "1242"]
[BlackElo "1298"]

1. d4 d5 2. Bg5 c6 3. e3 a6 4. a4 Nf6 5. Bxf6 exf6 6. Nf3 Bg4 7. h3 Bh5 8. Be2
Bd6 9. O-O O-O 10. c4 Bc7 11. Nbd2 Re8 12. Rc1 f5 13. Re1 Nd7 14. Qc2 Ba5 15.
Nh2 Bg6 16. Bd3 dxc4 17. Bxc4 f4 18. Bd3 fxe3 19. Rxe3 Rxe3 20. fxe3 Qg5 21. Nhf1
Re8 22. Bxg6 Qxg6 23. Qxg6 hxg6 24. Nc4 Bb4 25. Kf2 Nf6 26. Ng3 Nd5 27. e4 Nf6
28. Kf3 Rd8 29. Rd1 Bc5 30. Ne2 Ba7 31. Na5 Rd7 32. Nb3 Re7 33. Ng3 Bb8 34. e5
Nd5 35. Nc5 Ba7 36. Nce4 Rd7 37. Nc3 Nb6 38. b3 Nd5 39. Nxd5 Rxd5 40. Ne2 Kf8
41. g4 Ke7 42. Ke4 Kd8 43. Nf4 Rd7 44. Rd3 Ke7 45. d5 cxd5+ 46. Rxd5 Rxd5 47.
Kxd5 Bb8 48. Nd3 Kd7 49. Nc5+ Kc7 50. e6 fxe6+ 51. Nxe6+ Kb6 52. b4 Bg3 53. Nxg7
Be1 54. Kc4 Kc6 55. Ne6 Kd6 56. Nc5 Kc6 57. Nd3 Bd2 58. Ne5+ Kd6 59. Nxg6 Ke6
60. Nh4 Kf6 61. Nf3 Bf4 62. h4 Kg6 63. b5 axb5+ 64. Kxb5 Be3 65. Ne5+ Kf6 66.
Nd7+ Ke7 67. Nc5 b6 68. Ne4 1-0

[Event "Druzynowe Mistrzostwa Polski Juniorow - I Liga"]
[Site "Centrum Wypoczynkowo-Szkoleniowe Gwarek, Ustron"]
[Date "1899-12-30"]
[Round "7.19"]
[White "Mockun, Dawid"]
[Black "Kaczmarek, Aleksander"]
[Result "0-1"]
[WhiteTitle "I"]
[BlackTitle "FM"]
[WhiteElo "1951"]
[BlackElo "2238"]

1. d4 c5 2. c3 Nf6 3. Nf3 e6 4. e3 b6 5. Bd3 Bb7 6. Nbd2 Be7 7. O-O Qc7 8. Qe2
d6 9. e4 Nbd7 10. Re1 h6 11. Nf1 g5 12. d5 g4 13. N3d2 Ne5 14. Bb5+ Nfd7 15. Nc4
exd5 16. Nxe5 dxe5 17. exd5 O-O-O 18. Ne3 Nf6 19. c4 a6 20. Ba4 b5 21. cxb5 axb5
22. Bxb5 Nxd5 23. Ba6 Nf4 24. Qb5 Nd3 25. Bd2 Bxa6 26. Qxa6+ Qb7 27. Qxb7+ Kxb7
28. Red1 h5 29. Bc3 Bg5 30. Nc4 f6 31. a3 h4 32. b4 g3 33. fxg3 hxg3 34. hxg3
e4 35. Bd2 Bxd2 36. Rxd2 Rd4 37. Na5+ Kc7 38. Nb3 Rd7 39. Nxc5 Rdh7 40. Nxd3 Rh1+
41. Kf2 Rxa1 42. Nc5 f5 43. g4 Re8 44. Re2 e3+ 45. Kg3 fxg4 46. a4 Kc6 47. Kxg4
Rf1 48. Kg3 Kd5 49. a5 Kd4 50. a6 Rg8+ 51. Kh2 Rf2 52. Re1 Rfxg2+ 53. Kh1 R2g6
0-1

[Event "Druzynowe Mistrzostwa Polski Juniorow - I Liga"]
[Site "Centrum Wypoczynkowo-Szkoleniowe Gwarek, Ustron"]
[Date "1899-12-30"]
[Round "7.20"]
[White "Powalka, Michal"]
[Black "Buraczewski, Rafal"]
[Result "1/2-1/2"]
[WhiteTitle "I++"]
[BlackTitle "I"]
[WhiteElo "1975"]
[BlackElo "1906"]

1. e4 c6 2. d4 g6 3. Nf3 d5 4. e5 Bg4 5. h3 Bxf3 6. Qxf3 e6 7. Qb3 Qb6 8. Qxb6
axb6 9. c3 h5 10. g3 b5 11. Bd3 Nd7 12. Ke2 Ne7 13. Nd2 Nb6 14. Nf3 Nf5 15. Bg5
Be7 16. g4 Ng7 17. Bf6 Rg8 18. Ng5 Nd7 19. Bxe7 Kxe7 20. a3 Ne8 21. f4 Nc7 22.
Raf1 c5 23. Nf3 b4 24. axb4 cxb4 25. Ra1 bxc3 26. bxc3 hxg4 27. hxg4 Rxa1 28.
Rxa1 Ra8 29. Rb1 Ra2+ 30. Ke3 b6 31. f5 gxf5 32. gxf5 exf5 33. Bxf5 Ne6 34. Bd3
Ra3 35. Kd2 Ra2+ 36. Ke3 Ra3 37. Rc1 f6 38. exf6+ Nxf6 39. Ne5 Nd7 40. Nc6+ Kd6
41. Nb4 Rb3 42. Be2 Nf6 43. Bf3 Ng5 1/2-1/2

[Event "Druzynowe Mistrzostwa Polski Juniorow - I Liga"]
[Site "Centrum Wypoczynkowo-Szkoleniowe Gwarek, Ustron"]
[Date "1899-12-30"]
[Round "7.21"]
[White "Poplawski, Maciej"]
[Black "Paliwoda, Borys"]
[Result "1-0"]
[WhiteTitle "I"]
[BlackTitle "II"]
[WhiteElo "1866"]
[BlackElo "1510"]

1. d4 d5 2. c4 Bf5 3. Nc3 e6 4. Nf3 Nf6 5. Bg5 Be7 6. Bxf6 Bxf6 7. cxd5 exd5 8.
Qb3 Qc8 9. Nxd5 Nd7 10. e3 O-O 11. Bc4 c6 12. Nxf6+ Nxf6 13. Ne5 Qc7 14. Rc1 Ne4
15. f3 Qa5+ 16. Rc3 Nxc3 17. Bxf7+ Kh8 18. bxc3 Qc7 19. O-O c5 20. e4 cxd4 21.
cxd4 Bd7 22. f4 Be8 23. Ng6+ hxg6 24. Qh3# 1-0

[Event "Druzynowe Mistrzostwa Polski Juniorow - I Liga"]
[Site "Centrum Wypoczynkowo-Szkoleniowe Gwarek, Ustron"]
[Date "1899-12-30"]
[Round "7.22"]
[White "Anyz, Monika"]
[Black "Wierzbicki, Michal"]
[Result "0-1"]
[WhiteTitle "II"]
[BlackTitle "I"]
[WhiteElo "1291"]
[BlackElo "1725"]

1. e4 e6 2. d4 d5 3. Nd2 Nc6 4. Ngf3 Nf6 5. e5 Nd7 6. c3 f6 7. exf6 Qxf6 8. Bb5
Bd6 9. O-O O-O 10. Nb3 e5 11. dxe5 Ndxe5 12. Qxd5+ Be6 13. Qe4 Nxf3+ 14. gxf3
Rae8 15. Bc4 Qf7 16. Bd3 Qh5 17. h4 Bxb3 18. Bc4+ Bxc4 19. Qxc4+ Kh8 20. Be3 Qxf3
21. Rfe1 Rxe3 0-1

[Event "Druzynowe Mistrzostwa Polski Juniorow - I Liga"]
[Site "Centrum Wypoczynkowo-Szkoleniowe Gwarek, Ustron"]
[Date "1899-12-30"]
[Round "7.23"]
[White "Murawko, Katarzyna"]
[Black "Harazinska, Ewa"]
[Result "1/2-1/2"]
[WhiteTitle "k"]
[BlackTitle "WFM"]
[WhiteElo "1948"]
[BlackElo "2034"]

1. e4 c5 2. Nf3 d6 3. d4 cxd4 4. Nxd4 Nf6 5. Nc3 a6 6. Bg5 e6 7. f4 h6 8. Bh4 Qb6
9. a3 Be7 10. Bf2 Qc7 11. Be2 b5 12. Bf3 Bb7 13. Qe2 Nc6 14. Nxc6 Bxc6 15. O-O
O-O 16. Rad1 Rfd8 17. g4 d5 18. e5 Nd7 19. Bd4 b4 20. axb4 Bxb4 21. Qe3 Bb7 22.
Kh1 Bc5 23. Ne2 Bxd4 24. Nxd4 Nc5 25. f5 Re8 26. f6 Ne4 27. Bxe4 dxe4 28. fxg7
Qxe5 29. Qxh6 Qxg7 30. Qxg7+ Kxg7 31. Kg1 Rh8 32. Nxe6+ fxe6 33. Rd7+ Kg6 34.
Rxb7 Rh4 35. Re7 Rxg4+ 36. Kh1 Rc8 37. Rxe6+ Kg5 38. Ref6 Rc5 39. b4 Re5 40. Rf8
e3 41. Rg8+ Kh4 42. Rxg4+ Kxg4 43. Kg2 Rd5 44. h3+ Kg5 45. Kf3 Rd2 46. c4 e2 47.
Re1 Rd4 48. Rxe2 Rxc4 49. Rb2 Kf5 50. Ke3 Ke5 1/2-1/2

[Event "Druzynowe Mistrzostwa Polski Juniorow - I Liga"]
[Site "Centrum Wypoczynkowo-Szkoleniowe Gwarek, Ustron"]
[Date "1899-12-30"]
[Round "7.24"]
[White "Harazinska, Magdalena"]
[Black "Rudzinska, Michalina"]
[Result "1-0"]
[WhiteTitle "I++"]
[BlackTitle "I"]
[WhiteElo "1857"]
[BlackElo "1693"]

1. d4 d5 2. c4 e6 3. Nc3 Nf6 4. Bg5 Nbd7 5. e3 c6 6. cxd5 exd5 7. Bd3 Be7 8. Qc2
O-O 9. Nge2 Re8 10. O-O Nf8 11. f3 Ng6 12. e4 dxe4 13. fxe4 Be6 14. h3 Nh5 15.
Be3 Bg5 16. Qd2 Bxe3+ 17. Qxe3 b5 18. e5 c5 19. Bxb5 Bd7 20. Qf3 cxd4 21. Qxf7+
Kh8 22. Qxd7 dxc3 23. Qxe8+ Qxe8 24. Bxe8 Rxe8 25. Nxc3 Rxe5 26. Rae1 Rxe1 27.
Rxe1 Kg8 28. Re8+ Kf7 29. Ra8 Nhf4 30. Rxa7+ Kf6 31. a4 Ne6 32. a5 Ke5 33. Rd7
Ngf8 34. Rd5+ Kf6 35. a6 Nc7 36. a7 Nfe6 37. Rd7 Na8 38. Nb5 h5 39. Rb7 1-0

[Event "Druzynowe Mistrzostwa Polski Juniorow - I Liga"]
[Site "Centrum Wypoczynkowo-Szkoleniowe Gwarek, Ustron"]
[Date "1899-12-30"]
[Round "7.25"]
[White "Bus, Konrad"]
[Black "Czajkowski, Adam"]
[Result "1/2-1/2"]
[WhiteTitle "k"]
[BlackTitle "I++"]
[WhiteElo "2108"]
[BlackElo "2073"]

1. d4 Nf6 2. c4 g6 3. Nc3 Bg7 4. e4 d6 5. Nf3 O-O 6. Be2 Nbd7 7. O-O e5 8. Re1
Re8 9. Bf1 exd4 10. Nxd4 Nc5 11. f3 a5 12. Be3 c6 13. Qd2 Qe7 14. Rad1 Nfd7 15.
Nde2 Ne5 16. Nf4 Bf8 17. Nfd5 cxd5 18. Nxd5 Qd8 19. Bg5 Be7 20. Nxe7+ Rxe7 21.
Bxe7 Qxe7 22. Qxd6 Qxd6 23. Rxd6 Be6 24. f4 Nxc4 25. Rxe6 Nxe6 26. Bxc4 Nxf4 27.
g3 Rc8 28. b3 Ne6 29. Kf2 Kf8 30. Ke3 Ke7 31. Re2 b6 32. Rd2 Rc6 33. a4 Rd6 34.
Rf2 Rd1 35. Bxe6 Kxe6 36. Rc2 Ke5 37. Rc6 Rd6 38. Rc7 Ke6 39. Rb7 h5 40. Rc7 f6
41. h4 Ke5 42. Re7+ 1/2-1/2

[Event "Druzynowe Mistrzostwa Polski Juniorow - I Liga"]
[Site "Centrum Wypoczynkowo-Szkoleniowe Gwarek, Ustron"]
[Date "1899-12-30"]
[Round "7.26"]
[White "Pniaczek, Marek"]
[Black "Golenia, Jan"]
[Result "0-1"]
[WhiteTitle "I"]
[BlackTitle "I"]
[WhiteElo "1716"]
[BlackElo "1792"]

1. d4 d5 2. c4 e5 3. dxe5 d4 4. Nf3 Nc6 5. g3 Nge7 6. Bg2 Ng6 7. Bf4 Bb4+ 8. Nbd2
Be6 9. O-O Bxd2 10. Nxd2 Qd7 11. Ne4 Qe7 12. Qb3 Ngxe5 13. Bxe5 Nxe5 14. Qxb7
O-O 15. b3 Rfb8 16. Qa6 Qb4 17. Ng5 Rb6 18. Qxb6 Qxb6 19. Bxa8 c6 20. f4 Ng4 21.
Nxe6 fxe6 22. b4 d3+ 23. Kh1 dxe2 24. Rf3 Nf2+ 25. Kg2 Nd1 0-1

[Event "Druzynowe Mistrzostwa Polski Juniorow - I Liga"]
[Site "Centrum Wypoczynkowo-Szkoleniowe Gwarek, Ustron"]
[Date "1899-12-30"]
[Round "7.27"]
[White "Golenia, Wojciech"]
[Black "Musial, Tomasz"]
[Result "1-0"]
[WhiteTitle "I"]
[BlackTitle "II"]
[WhiteElo "1750"]
[BlackElo "1595"]

1. Nf3 d5 2. b3 Nf6 3. Bb2 c5 4. e3 Nc6 5. d4 Bg4 6. Be2 e6 7. O-O Bxf3 8. Bxf3
cxd4 9. exd4 b5 10. Re1 Bd6 11. Nc3 Rb8 12. Ne2 O-O 13. c3 Qc7 14. Ng3 Ne7 15.
Qd3 Ng6 16. Qd2 Rfc8 17. a3 Nf4 18. Nf1 a5 19. g3 Ng6 20. Reb1 b4 21. cxb4 axb4
22. Rc1 Qb6 23. a4 Qa5 24. Rc2 Ne7 25. Rac1 Rxc2 26. Rxc2 Rc8 27. Ne3 Rc6 28.
Qc1 Qc7 29. Be2 Rxc2 30. Qxc2 Qxc2 31. Nxc2 Nc6 32. f3 Na5 33. Na1 Kf8 34. Bb5
h5 35. Bc1 h4 36. g4 Nh7 37. Kg2 g5 38. Bd3 f5 39. gxf5 e5 40. Bb2 exd4 41. Bxd4
Nc6 42. Bb6 Nf6 43. Bb5 Ne5 44. a5 Ned7 45. Bd4 Be5 46. Bxe5 Nxe5 47. Nc2 Ke7
48. a6 Ned7 49. a7 Nb6 50. Bc6 Kd6 51. a8=Q Nxa8 52. Bxa8 Kc5 53. Bb7 d4 54. Be4
Nh5 55. Kf2 Nf4 56. Ne1 Kd6 57. Nd3 Nxd3+ 58. Bxd3 Ke5 59. h3 Kd5 60. Be4+ Ke5
61. Ke2 Kd6 62. Kd2 Ke5 63. Kd3 Kf4 64. f6 1-0

[Event "Druzynowe Mistrzostwa Polski Juniorow - I Liga"]
[Site "Centrum Wypoczynkowo-Szkoleniowe Gwarek, Ustron"]
[Date "1899-12-30"]
[Round "7.28"]
[White "Lyszczarz, Konrad"]
[Black "Gawor, Jan Pawel"]
[Result "1-0"]
[WhiteTitle "II"]
[BlackTitle "II"]
[WhiteElo "1329"]
[BlackElo "1519"]

1. e4 c5 2. Nf3 Nc6 3. d4 cxd4 4. Nxd4 Nf6 5. Nc3 e5 6. Ndb5 d6 7. Bg5 a6 8. Bxf6
gxf6 9. Na3 b5 10. Nd5 Bg7 11. c3 Ne7 12. Nc2 f5 13. f3 fxe4 14. fxe4 Be6 15.
Nce3 Nxd5 16. exd5 Qh4+ 17. Kd2 Bd7 18. Qf3 Bh6 19. Kc2 e4 20. Qe2 Qf4 21. Re1
Rg8 22. g3 Qg5 23. Bg2 f5 24. Rhf1 O-O-O 25. c4 Kb7 26. b3 b4 27. Kb1 Rdf8 28.
Nc2 a5 29. a3 Bg7 30. Rd1 Bc3 31. Qf2 f4 32. c5 e3 33. c6+ Kc7 34. Qe2 Bc8 35.
Qb5 bxa3 36. Nxa3 Bb4 37. Nc4 Qg6+ 38. Kc1 Bd2+ 39. Nxd2 exd2+ 40. Rxd2 Rf7 41.
Qxa5+ Kb8 42. Qb6+ Bb7 43. cxb7 Rxb7 44. Qf2 Rxb3 45. Rb2 Rc8+ 46. Kd1 Qd3+ 47.
Qd2 Qxd2+ 48. Rxd2 fxg3 49. hxg3 Rxg3 50. Rh1 Rc7 51. Be4 Ra7 52. Rb2+ Kc8 53.
Bxh7 Ra1+ 54. Rb1 Rxb1+ 55. Bxb1 Kc7 56. Ke2 Rc3 57. Rh6 Rb3 58. Bd3 Rb4 59. Ke3
Rg4 60. Be4 Rg1 61. Kd4 Rd1+ 62. Bd3 Ra1 63. Rh7+ Kb6 64. Rd7 Ra4+ 65. Bc4 Ra1
66. Rxd6+ Kc7 67. Rc6+ Kd7 68. Kc5 Rc1 69. Rg6 Rd1 70. Rg7+ Kd8 71. Bb5 Rc1+ 72.
Kd6 Kc8 73. Bd7+ Kb7 74. Bc6+ Kb8 75. Rg8+ Ka7 76. Kc7 1-0

[Event "Druzynowe Mistrzostwa Polski Juniorow - I Liga"]
[Site "Centrum Wypoczynkowo-Szkoleniowe Gwarek, Ustron"]
[Date "1899-12-30"]
[Round "7.29"]
[White "Jedrocha, Katarzyna"]
[Black "Pyzio, Amelia"]
[Result "1-0"]
[WhiteTitle "k"]
[BlackTitle "I"]
[WhiteElo "1912"]
[BlackElo "1409"]

1. e4 e5 2. Nf3 Nc6 3. Bc4 Bc5 4. d3 Nf6 5. O-O O-O 6. c3 d6 7. Nbd2 a6 8. Bb3
Ne7 9. Re1 Ng6 10. Nf1 h6 11. Ng3 Re8 12. h3 Be6 13. d4 Bb6 14. Be3 Qc8 15. Bxe6
Qxe6 16. Qd2 Rad8 17. d5 Qd7 18. Bxb6 cxb6 19. Qe3 Qc7 20. Rac1 Nf4 21. c4 Qc5
22. Qd2 Rc8 23. b4 Qc7 24. Rc2 Qd7 25. Rec1 Rc7 26. c5 bxc5 27. bxc5 Rxc5 28.
Rxc5 dxc5 29. Rxc5 Rc8 30. Nxe5 Nxh3+ 31. gxh3 Qxh3 32. Rxc8+ Qxc8 33. d6 Qd8
34. Nf3 Nd7 35. Nf5 Kh7 36. Qd5 Kg8 37. Qxb7 a5 38. Qc7 Qe8 39. Ne7+ Kf8 40. Qxa5
Qb8 41. Qc7 Qe8 42. a4 h5 43. Ng5 f6 44. Nh7+ 1-0

[Event "Druzynowe Mistrzostwa Polski Juniorow - I Liga"]
[Site "Centrum Wypoczynkowo-Szkoleniowe Gwarek, Ustron"]
[Date "1899-12-30"]
[Round "7.30"]
[White "Kucharska, Honorata"]
[Black "Janiak, Izabela"]
[Result "1-0"]
[WhiteTitle "I++"]
[BlackTitle "II"]
[WhiteElo "1719"]
[BlackElo "1142"]

1. e4 e5 2. Nf3 Nc6 3. Bb5 Bc5 4. O-O d6 5. h3 Nf6 6. Re1 Bd7 7. c3 O-O 8. Ba4
Re8 9. Bc2 Re7 10. d4 exd4 11. cxd4 Bb4 12. Bd2 Bxd2 13. Qxd2 Qe8 14. Nc3 h6 15.
a3 a5 16. Rad1 b6 17. Qf4 Nh5 18. Qh4 f6 19. e5 fxe5 20. Nd5 Be6 21. Nxe7+ Nxe7
22. dxe5 Qf7 23. exd6 cxd6 24. Rxe6 Qxe6 25. Qxh5 Rc8 26. Nd4 Qf6 27. Bb3+ Kh8
28. Qf7 Qe5 29. Qe6 Qxe6 30. Nxe6 Rc6 31. Nd8 Rc5 32. Rxd6 Rb5 33. Rd3 Nf5 34.
Ne6 Kh7 35. Rf3 Kg6 36. Bc2 Kf6 37. Rxf5+ Rxf5 38. Bxf5 Kxf5 39. Nxg7+ Kg6 40.
Ne6 Kf6 41. Nf4 b5 42. Nd5+ Ke5 43. Nc7 Kd6 44. Nxb5+ Kc5 45. f4 Kxb5 46. f5 Kc6
47. b4 axb4 48. axb4 Kd7 49. b5 Kc7 50. f6 Kd7 51. b6 Kd8 52. f7 Ke7 53. b7 Kxf7
54. b8=Q Kg7 55. Qe8 h5 56. g4 hxg4 57. hxg4 Kh7 58. g5 Kg7 59. Kg2 Kh7 60. Qf7+
Kh8 61. Qe7 Kg8 62. g6 Kh8 63. Qf8# 1-0